000 00708nam a22002177a 4500
003 UA-OsUOA
001 121350
007 ta
008 20170320b un ||||| |||| 00| 0 ukr d
100 _aРоманюк М.Д.
090 _a330(477)
_bР69
942 _cSA
040 _aUA-OsUOA
_bukr
_cUA-OsUOA
_dUA-OsUOA
245 _aЗакордонна трудова міграція та рееміграція в контексті національної безпеки України
300 _aС.15-22
955 _a0
041 _aukr
080 _a330(477)
773 0 _w121347
_tРегіональна економіка
_dЛьвів
_d2016
_g4
650 7 _a330 Економіка взагалі
_2UDC
999 _c407330
_d407330